| 000 | 00722cam a22002533a 4500 | ||
|---|---|---|---|
| 001 | 24345 | ||
| 003 | PGUSA | ||
| 005 | 20140828083523.0 | ||
| 008 | 080117s2008||||xxu|||||s|||||000 | eng d | ||
| 040 |
_aPGUSA _beng |
||
| 042 | _adc | ||
| 050 | 4 | _aG | |
| 100 | 1 | _aSmiles, Samuel | |
| 245 | 1 | 2 |
_aA Boy's Voyage Round the World _h[electronic resource] / _cSamuel Smiles |
| 260 |
_bProject Gutenberg, _c2008 |
||
| 506 | _aPublic domain in the USA. | ||
| 516 | _aElectronic text | ||
| 653 | _aVoyages around the world | ||
| 653 | _aAustralia -- Description and travel | ||
| 700 | 1 |
_aSmiles, Samuel, _d1812-1904 |
|
| 830 | 0 |
_aProject Gutenberg _v24345 |
|
| 856 | 4 | 0 | _uhttp://www.gutenberg.org/ebooks/24345 |
| 942 | _cEB | ||
| 999 |
_c253600 _d253600 |
||